| 000 | 00646nam a22002177a 4500 | ||
|---|---|---|---|
| 999 |
_c3881 _d3881 |
||
| 003 | GBCCL | ||
| 005 | 20241126110506.0 | ||
| 008 | 171215b xxu||||| |||| 00| 0 eng d | ||
| 020 | _a0570096855 | ||
| 040 | _cgbc | ||
| 082 |
_a269.2 _bMUE |
||
| 100 |
_aMueller, Peter E. _97625 |
||
| 245 |
_aIn Walks Jesus / _cPeter E. Mueller |
||
| 260 |
_aSt. Louis: _bConcordia Publishing House, _c1997 |
||
| 300 |
_a85 p.; _c23 cm. |
||
| 440 |
_aNew Life Series _97626 |
||
| 650 |
_aWitness bearing (Christianity) _9428 |
||
| 650 |
_aEvangelistic work. _9290 |
||
| 650 |
_aChristian education -- Textbooks for adults -- Lutheran. _99947 |
||
| 942 |
_2ddc _cBK |
||